[Event "Eliteserien 2008-2009"]
[Site "Haraldsheim"]
[Date "2008.11.07"]
[Round "4"]
[White "Kovachev, Daniel Jakobsen"]
[Black "Kvisla, Johannes"]
[Result "1/2-1/2"]
[WhiteElo "2265"]
[BlackElo "2212"]
[PlyCount "80"]
[EventDate "2008.??.??"]

1. e4 e5 2. Nf3 Nc6 3. Bb5 a6 4. Ba4 Nf6 5. O-O Be7 6. Re1 b5 7. Bb3 d6 8. c3
O-O 9. h3 a5 10. a4 b4 11. d4 bxc3 12. bxc3 exd4 13. cxd4 d5 14. e5 Ne4 15. Be3
Bf5 16. Nfd2 Nxd2 17. Nxd2 Nb4 18. f4 Rb8 19. g4 Bd3 20. f5 Bh4 21. Bf2 Bxf2+
22. Kxf2 Bxf5 23. gxf5 Nd3+ 24. Ke2 Nxe1 25. Qxe1 c5 26. Qg3 cxd4 27. Rg1 g6
28. Bc2 Rb6 29. e6 Qf6 30. Bd3 Rb2 31. exf7+ Rxf7 32. fxg6 Re7+ 33. Kd1 hxg6
34. Bxg6 Rg7 35. h4 d3 36. Qxd3 Rxd2+ 37. Kxd2 Qf2+ 38. Qe2 Qd4+ 39. Qd3 Qf2+
40. Qe2 Qd4+ 
1/2-1/2

[Event "Eliteserien 2008-2009"]
[Site "Haraldsheim"]
[Date "2008.11.07"]
[Round "4"]
[White "Guttulsrud, Odd Martin"]
[Black "Moen, Ole Christian"]
[Result "0-1"]
[WhiteElo "1952"]
[BlackElo "2219"]
[PlyCount "74"]
[EventDate "2008.??.??"]

1. e4 e5 2. Nf3 Nc6 3. Bb5 a6 4. Ba4 d6 5. c3 Bd7 6. O-O Nf6 7. Re1 Be7 8. h3
O-O 9. d4 h6 10. Nbd2 Re8 11. Nf1 Bf8 12. Ng3 g6 13. Nh2 b5 14. Bb3 Na5 15. Bc2
c5 16. d5 b4 17. f4 bxc3 18. bxc3 exf4 19. Bxf4 Nc4 20. Nf3 g5 21. Bc1 Bg7 22.
Bd3 Ne5 23. Nxe5 Rxe5 24. a4 Qa5 25. Bd2 c4 26. Bc2 Rae8 27. Rb1 R5e7 28. Rb4
Qc7 29. Qb1 Bc8 30. Rb6 Nxd5 31. exd5 Rxe1+ 32. Bxe1 Rxe1+ 33. Qxe1 Qxb6+ 34.
Kh1 Be5 35. Qe4 Qf2 36. Qh7+ Kf8 37. Qxh6+ Ke8 
0-1

[Event "Eliteserien 2008-2009"]
[Site "Haraldsheim"]
[Date "2008.11.07"]
[Round "4"]
[White "Hammer, Jon Ludvig"]
[Black "Hansen, Torbjørn R."]
[Result "1-0"]
[WhiteElo "2565"]
[BlackElo "2433"]
[PlyCount "53"]
[EventDate "2008.??.??"]

1. e4 c5 2. Nf3 d6 3. d4 cxd4 4. Nxd4 Nf6 5. Nc3 a6 6. Be2 e5 7. Nb3 Be7 8. O-O
O-O 9. Be3 Be6 10. f4 exf4 11. Rxf4 Nc6 12. Nd5 Bxd5 13. exd5 Ne5 14. Rb4 Qc7
15. Bb6 Qc8 16. Be3 Re8 17. Rc1 a5 18. Ra4 Qd7 19. Rxa5 Rxa5 20. Nxa5 Nfg4 21.
Bf4 Bd8 22. Nc4 Nxc4 23. Bxg4 f5 24. Qd3 Ne5 25. Qxf5 Nxg4 26. Qxd7 Bb6+ 27.
Kf1 
1-0

[Event "Eliteserien 2008-2009"]
[Site "Haraldsheim"]
[Date "2008.11.07"]
[Round "4"]
[White "Øgaard, Leif"]
[Black "Urkedal, Frode Olav Olsen"]
[Result "1-0"]
[WhiteElo "2372"]
[BlackElo "2276"]
[PlyCount "91"]
[EventDate "2008.??.??"]

1. Nf3 Nf6 2. c4 c5 3. Nc3 e6 4. g3 b6 5. Bg2 Bb7 6. O-O Be7 7. d4 cxd4 8. Qxd4
d6 9. Rd1 a6 10. b3 Nbd7 11. e4 O-O 12. Ba3 Nc5 13. e5 dxe5 14. Qxd8 Rfxd8 15.
Nxe5 Bxg2 16. Kxg2 Bf8 17. Bxc5 Bxc5 18. Na4 Rac8 19. Nxc5 bxc5 20. f4 Kf8 21.
Kf3 Ke8 22. g4 Nd7 23. Nd3 Rc6 24. Nf2 Ke7 25. Ke3 Rd6 26. Ne4 Rxd1 27. Rxd1
Rb8 28. Kd3 Nf6 29. Nxc5 Nxg4 30. Rg1 Nxh2 31. Rxg7 a5 32. Rxh7 Ng4 33. Ne4 a4
34. Kc3 axb3 35. axb3 Ne3 36. b4 Ng2 37. Ng5 Rf8 38. b5 Nxf4 39. b6 Kd6 40.
Nxf7+ Kc5 41. Ne5 Rg8 42. b7 Kb6 43. Nd7+ Ka7 44. b8=Q+ Rxb8 45. Nxb8+ Kxb8 46.
Kd4 
1-0

[Event "Eliteserien 2008-2009"]
[Site "Haraldsheim"]
[Date "2008.11.07"]
[Round "4"]
[White "Bjerke, Silje"]
[Black "Moen, Andreas G.R."]
[Result "1-0"]
[WhiteElo "2226"]
[BlackElo "2341"]
[PlyCount "43"]
[EventDate "2008.??.??"]

1. e4 e5 2. Nf3 Nf6 3. d4 Nxe4 4. Bd3 Nc6 5. dxe5 d5 6. exd6 Nxd6 7. O-O Be7 8.
Nc3 O-O 9. Nd5 Bf6 10. c3 Bg4 11. h3 Bh5 12. Be2 Re8 13. Bf4 Rc8 14. Re1 Ne4
15. Bh2 Na5 16. Nxf6+ Qxf6 17. Qd5 Qb6 18. Qxh5 Qxf2+ 19. Kh1 Qe3 20. g4 Nc4
21. Qxf7+ Kh8 22. Bxc4 
1-0

[Event "Eliteserien 2008-2009"]
[Site "Haraldsheim"]
[Date "2008.11.07"]
[Round "4"]
[White "Søraas, Torben"]
[Black "Bentsen, Håkon"]
[Result "1/2-1/2"]
[WhiteElo "2111"]
[BlackElo "2068"]
[PlyCount "133"]
[EventDate "2008.??.??"]

1. e4 e5 2. Nf3 Nc6 3. d4 exd4 4. Bc4 Nf6 5. O-O Nxe4 6. Re1 d5 7. Bxd5 Qxd5 8.
Nc3 Qh5 9. Nxe4 Be6 10. Bg5 Bd6 11. Nxd6+ cxd6 12. Bc1 O-O 13. Nxd4 Qxd1 14.
Rxd1 Nxd4 15. Rxd4 Rac8 16. c3 Rc6 17. Bf4 d5 18. Rd3 Rb6 19. Rd2 Rc6 20. Be3
a6 21. Bd4 f6 22. Rd3 Re8 23. Rf3 Kf7 24. h3 Bd7 25. Be3 Rce6 26. g4 Bc6 27.
Rg3 h6 28. Kf1 Re4 29. Rd1 a5 30. Kg1 a4 31. Rd2 R4e6 32. Kh2 Re4 33. Rd1 Ra8
34. Rdg1 Ra5 35. Rb1 Ra8 36. b3 axb3 37. axb3 Ra2 38. b4 Bb5 39. Bd4 Ree2 40.
Rf3 Re4 41. Rg1 Ke6 42. Kg3 Be2 43. Re3 Rxe3+ 44. Bxe3 Bc4 45. Bd4 b5 46. Kf4
Kf7 47. h4 Re2 48. Kf3 Re4 49. Kg3 Re2 50. g5 fxg5 51. hxg5 hxg5 52. Kf3 g6 53.
Kg4 Re4+ 54. Kxg5 Be2 55. f4 Re7 56. Rh1 Bd3 57. Rh8 Re2 58. Rh7+ Ke6 59. Rb7
Rg2+ 60. Kh6 Kf5 61. Rf7+ Ke4 62. Rf6 Kf3 63. Be5 Rg4 64. Rd6 Be4 65. Rb6 Bd3
66. Rd6 Be4 67. Rb6 
1/2-1/2

[Event "Eliteserien 2008-2009"]
[Site "Haraldsheim"]
[Date "2008.11.07"]
[Round "4"]
[White "Berg-Jensen, Joachim"]
[Black "Furu, Thormod"]
[Result "1/2-1/2"]
[WhiteElo "2090"]
[BlackElo "1871"]
[PlyCount "99"]
[EventDate "2008.??.??"]

1. d4 d5 2. c4 c6 3. Nc3 dxc4 4. a4 e5 5. d5 Nf6 6. e4 Bb4 7. Bd2 Bxc3 8. Bxc3
Nxe4 9. dxc6 Qxd1+ 10. Rxd1 Nxc6 11. Bxc4 Nxc3 12. bxc3 f6 13. Ne2 Bd7 14. Ng3
Na5 15. Bd5 O-O-O 16. c4 Bc6 17. Nf5 Bxd5 18. cxd5 g6 19. Ne3 Rd6 20. h4 h5 21.
f3 Kd7 22. g4 Rb6 23. gxh5 Rxh5 24. Rg1 Rb3 25. Kf2 Rb2+ 26. Kg3 g5 27. Ng4
gxh4+ 28. Kh3 Rf5 29. Nh2 Kd6 30. Rg8 Rg5 31. Rd8+ Ke7 32. Rc8 Kd7 33. Rf8 f5
34. d6 Rb4 35. Rf7+ Ke6 36. Re7+ Kf6 37. Nf1 Rd4 38. Rxd4 exd4 39. Kxh4 Rg7 40.
Rxg7 Kxg7 41. Kg5 Kf7 42. Kxf5 Nc4 43. Ke4 d3 44. Kxd3 Nb2+ 45. Kd4 Nxa4 46.
Nd2 Nb6 47. Ne4 Nd7 48. f4 Ke6 49. Nc5+ Kxd6 50. Nxb7+ 
1/2-1/2

[Event "Eliteserien 2008-2009"]
[Site "Haraldsheim"]
[Date "2008.11.07"]
[Round "4"]
[White "Lie, Kjetil A."]
[Black "Røyset, Jon Kr."]
[Result "1/2-1/2"]
[WhiteElo "2528"]
[BlackElo "2076"]
[PlyCount "90"]
[EventDate "2008.??.??"]

1. e4 e5 2. Bc4 Nf6 3. d3 Nc6 4. Nf3 Be7 5. O-O O-O 6. Re1 d6 7. c3 h6 8. Nbd2
Nh7 9. Nf1 Ng5 10. Ne3 Nxf3+ 11. Qxf3 Bg5 12. g3 Kh7 13. Qg2 Qd7 14. f4 Bd8 15.
f5 Na5 16. a4 Nxc4 17. dxc4 Bg5 18. Nd5 Bxc1 19. Raxc1 b6 20. g4 Bb7 21. g5
Bxd5 22. cxd5 hxg5 23. Qxg5 Rh8 24. Rc2 Qd8 25. Qxd8 Raxd8 26. a5 Kg8 27. axb6
axb6 28. Ra1 Rh3 29. Ra4 Kf8 30. Rc4 Rc8 31. Rg2 Re3 32. Kf1 Rh3 33. Kg1 Rh7
34. b4 Ke7 35. Ra2 Rh4 36. Ra7 Kd8 37. b5 Rh3 38. Kg2 Rd3 39. Rc6 Re3 40. Ra4
Re2+ 41. Kg3 Rb2 42. c4 Rb3+ 43. Kf2 Rb2+ 44. Kg3 Rb3+ 45. Kf2 Rb2+ 
1/2-1/2

[Event "Eliteserien 2008-2009"]
[Site "Haraldsheim"]
[Date "2008.11.07"]
[Round "4"]
[White "Jæger, Frode Bull"]
[Black "Lie, Espen"]
[Result "0-1"]
[WhiteElo "2031"]
[BlackElo "2436"]
[PlyCount "82"]
[EventDate "2008.??.??"]

1. d4 d5 2. Nf3 e6 3. c4 c6 4. Nc3 f5 5. Bf4 Nf6 6. e3 Bd6 7. Bd3 O-O 8. Ne5
Qe7 9. h3 Ne4 10. Qc2 Nd7 11. Nxd7 Bxd7 12. Bxd6 Nxd6 13. cxd5 exd5 14. O-O-O
Ne4 15. Kb1 Be8 16. Rde1 Bg6 17. h4 Rae8 18. h5 Bf7 19. f3 Nxc3+ 20. bxc3 Be6
21. g4 Qd7 22. gxf5 Bxf5 23. e4 dxe4 24. fxe4 Bg4 25. Rh4 h6 26. Rg1 Rf4 27.
Qg2 Bf3 28. Qxg7+ Qxg7 29. Rxg7+ Kxg7 30. Rxf4 Bxh5 31. Kc2 Bf7 32. c4 h5 33.
Kd2 Rh8 34. e5 h4 35. Rg4+ Kf8 36. Re4 h3 37. Re1 h2 38. Rh1 Rh4 39. Ke3 Rh3+
40. Ke2 Bh5+ 41. Kd2 Bf3 
0-1

[Event "Eliteserien 2008-2009"]
[Site "Haraldsheim"]
[Date "2008.11.07"]
[Round "4"]
[White "Lahlum, Hans O."]
[Black "Simula, Leon"]
[Result "1/2-1/2"]
[WhiteElo "2141"]
[BlackElo "2062"]
[PlyCount "45"]
[EventDate "2008.??.??"]

1. d4 Nf6 2. c4 g6 3. Nc3 Bg7 4. e4 d6 5. f3 O-O 6. Be3 Na6 7. Bd3 c5 8. Nge2
cxd4 9. Nxd4 Nc5 10. Be2 a5 11. O-O a4 12. Qd2 Bd7 13. Ndb5 b6 14. Rab1 Qb8 15.
b4 axb3 16. axb3 Rc8 17. Rfc1 Ne6 18. Nd4 Qb7 19. Nxe6 Bxe6 20. Na4 Nd7 21. Qb4
Rab8 22. Nc3 Nc5 23. Nb5 
1/2-1/2

[Event "Eliteserien 2008-2009"]
[Site "Haraldsheim"]
[Date "2008.11.07"]
[Round "5"]
[White "Runde, Hans Arild"]
[Black "Guttulsrud, Odd Martin"]
[Result "1/2-1/2"]
[WhiteElo "1879"]
[BlackElo "1952"]
[PlyCount "79"]
[EventDate "2008.??.??"]

1. f4 Nf6 2. Nf3 c5 3. e3 g6 4. Be2 Bg7 5. c3 O-O 6. O-O d6 7. d3 Nbd7 8. Na3
Qc7 9. e4 b6 10. Nb5 Qc6 11. c4 Bb7 12. Nc3 a6 13. Rb1 b5 14. Nd5 Rfe8 15. b3
e6 16. Nxf6+ Nxf6 17. Bb2 d5 18. Bxf6 Bxf6 19. e5 Bg7 20. Qe1 f6 21. Qg3 Rab8
22. Rbe1 fxe5 23. Nxe5 Bxe5 24. fxe5 bxc4 25. bxc4 dxc4 26. dxc4 Qe4 27. Rf4
Qc2 28. Bd3 Qc3 29. Rf6 Re7 30. Ref1 Rd8 31. Rxg6+ hxg6 32. Qxg6+ Rg7 33. Qxe6+
Kh8 34. Qh6+ Kg8 35. Qe6+ Kh8 36. Qh3+ Kg8 37. Bh7+ Kh8 38. Bd3+ Kg8 39. Bh7+
Kh8 40. Bd3+ 
1/2-1/2

[Event "Eliteserien 2008-2009"]
[Site "Haraldsheim"]
[Date "2008.11.07"]
[Round "5"]
[White "Hansen, Torbjørn R."]
[Black "Djurhuus, Rune"]
[Result "1-0"]
[WhiteElo "2433"]
[BlackElo "2459"]
[PlyCount "61"]
[EventDate "2008.??.??"]

1. e4 e6 2. d4 d5 3. Nc3 Bb4 4. e5 c5 5. Bd2 Ne7 6. Nb5 Bxd2+ 7. Qxd2 O-O 8. f4
Nbc6 9. dxc5 b6 10. cxb6 Qxb6 11. c3 Rb8 12. b3 f6 13. exf6 Rxf6 14. Nf3 Ng6
15. g3 e5 16. O-O-O Bg4 17. Nxe5 Ncxe5 18. fxe5 Bxd1 19. Qxd5+ Kh8 20. exf6 Rd8
21. fxg7+ Kxg7 22. Qe4 Qa5 23. Bd3 Bg4 24. Kb2 Be6 25. Re1 Bf7 26. Nd4 Re8 27.
Nf5+ Kf8 28. Qb4+ Qxb4 29. Rxe8+ Bxe8 30. cxb4 Ne5 31. Be4 
1-0

[Event "Eliteserien 2008-2009"]
[Site "Haraldsheim"]
[Date "2008.11.07"]
[Round "5"]
[White "Urkedal, Frode Olav Olsen"]
[Black "Skrondal, Inge Sandstad"]
[Result "1/2-1/2"]
[WhiteElo "2276"]
[BlackElo "2179"]
[PlyCount "133"]
[EventDate "2008.??.??"]

1. d4 Nf6 2. c4 e6 3. Nf3 d5 4. Nc3 Be7 5. Bg5 h6 6. Bh4 O-O 7. e3 Ne4 8. Bxe7
Qxe7 9. Rc1 c6 10. Bd3 Nxc3 11. Rxc3 dxc4 12. Rxc4 Nd7 13. O-O e5 14. Bb1 exd4
15. Rxd4 Nf6 16. Qc2 Be6 17. e4 g6 18. Qc1 Kg7 19. Qf4 Rad8 20. e5 Ng8 21. Rfd1
c5 22. Rd6 Rxd6 23. Rxd6 Rd8 24. Qd2 Rd7 25. Be4 b6 26. Bc6 Rxd6 27. exd6 Qd8
28. b3 Nf6 29. Ne5 Bd5 30. Bxd5 Qxd6 31. Qxh6+ Kxh6 32. Nxf7+ Kg7 33. Nxd6 Nxd5
34. Kf1 Kf6 35. Ke1 Ke5 36. Nc4+ Kd4 37. Kd2 Nc3 38. f4 Nxa2 39. Ne5 Ke4 40.
Nxg6 Kf5 41. Ne7+ Kxf4 42. Nc8 Nb4 43. Nxa7 Nd5 44. Ke2 Nc7 45. Kd3 b5 46. Nc8
Ke5 47. Ne7 Ne6 48. g3 Nd4 49. Kc3 Ne2+ 50. Kc2 Ke4 51. Ng6 Nd4+ 52. Kb2 Ne2
53. g4 c4 54. bxc4 bxc4 55. h4 Kd3 56. Ne5+ Kd4 57. Nc6+ Ke4 58. h5 Nf4 59. Ne7
Ke5 60. h6 Kf6 61. Nf5 Ng6 62. h7 Kg5 63. Ne7 Nh8 64. Kc3 Kxg4 65. Kxc4 Kg5 66.
Kd5 Kh6 67. Ke6 
1/2-1/2

[Event "Eliteserien 2008-2009"]
[Site "Haraldsheim"]
[Date "2008.11.07"]
[Round "5"]
[White "Thorstensen, Trond"]
[Black "Bjerke, Silje"]
[Result "1/2-1/2"]
[WhiteElo "2175"]
[BlackElo "2226"]
[PlyCount "104"]
[EventDate "2008.??.??"]

1. d4 Nf6 2. c4 g6 3. g3 Bg7 4. Bg2 d5 5. cxd5 Nxd5 6. Nf3 O-O 7. O-O Nc6 8.
Nc3 Nb6 9. e3 Re8 10. Qb3 Be6 11. Qa3 Bc4 12. Rd1 a5 13. b3 Ba6 14. Bd2 Qd6 15.
Qxd6 cxd6 16. a3 Rec8 17. Rac1 d5 18. Ne5 Nxe5 19. dxe5 Bxe5 20. Nxd5 Nxd5 21.
Bxd5 Bb2 22. Rxc8+ Rxc8 23. Bxa5 Bxa3 24. Kg2 Bd6 25. Rd2 Rc5 26. Bb6 Rb5 27.
Ba7 Ra5 28. Bb6 Rb5 29. Bd8 Rc5 30. e4 Rc1 31. Ba5 Rc5 32. Bb6 Rc1 33. f4 Bb4
34. Rd4 Bc3 35. Ra4 Rc2+ 36. Kf3 Rxh2 37. Bc4 Rb2 38. Bc5 Bxc4 39. bxc4 Rb3 40.
Ra8+ Kg7 41. Ke2 Bb4 42. Bd4+ f6 43. g4 h5 44. gxh5 gxh5 45. e5 h4 46. Ra7 h3
47. exf6+ exf6 48. Rxb7+ Kg6 49. Rb8 h2 50. Rh8 Bc3 51. Bf2 Bb4 52. Rxh2 Rc3
1/2-1/2

[Event "Eliteserien 2008-2009"]
[Site "Haraldsheim"]
[Date "2008.11.07"]
[Round "5"]
[White "Kvisla, Johannes"]
[Black "Briseid, Håkon"]
[Result "1-0"]
[WhiteElo "2212"]
[BlackElo "1897"]
[PlyCount "95"]
[EventDate "2008.??.??"]

1. e4 e5 2. Nf3 Nc6 3. Bb5 a6 4. Ba4 Nf6 5. O-O Be7 6. Re1 b5 7. Bb3 O-O 8. d4
d6 9. c3 Bg4 10. Be3 Re8 11. Nbd2 Bf8 12. Qb1 Bh5 13. a4 b4 14. a5 bxc3 15.
bxc3 exd4 16. cxd4 Rb8 17. d5 Nb4 18. Nd4 Bg6 19. Bg5 Be7 20. Ba4 Nfxd5 21.
Bxe7 Rxe7 22. Qb3 Nf4 23. Qg3 Nfd3 24. Re3 Nc5 25. Bc6 Ne6 26. N2f3 Nxd4 27.
Nxd4 Re5 28. f4 Rc5 29. Ba4 Rxa5 30. Nb3 Rh5 31. Nd4 Qf6 32. Rd1 Ra5 33. Bb3
Bh5 34. e5 dxe5 35. fxe5 Qg6 36. Qxg6 Bxg6 37. e6 fxe6 38. Nxe6 Bc2 39. Nd8+
Kf8 40. Bxc2 Nd5 41. Rf1+ Nf6 42. Nc6 Rb2 43. Nxa5 Rxc2 44. Re6 Ra2 45. Rxa6 c5
46. Ra8+ Kf7 47. Ra7+ Kg6 48. Nc6 
1-0

[Event "Eliteserien 2008-2009"]
[Site "Haraldsheim"]
[Date "2008.11.07"]
[Round "5"]
[White "Agdestein, Espen"]
[Black "Tisdall, Jonathan"]
[Result "1/2-1/2"]
[WhiteElo "2411"]
[BlackElo "2386"]
[PlyCount "62"]
[EventDate "2008.??.??"]

1. Nf3 d5 2. d4 Nf6 3. c4 e6 4. Nc3 Be7 5. cxd5 exd5 6. Bg5 c6 7. e3 Bf5 8.
Bxf6 Bxf6 9. Bd3 Bxd3 10. Qxd3 O-O 11. b4 a6 12. O-O Nd7 13. a4 Be7 14. b5 a5
15. Rfc1 Re8 16. Rab1 Bd6 17. bxc6 bxc6 18. e4 Bf4 19. Rc2 dxe4 20. Nxe4 Ne5
21. Nxe5 Bxe5 22. Rd1 Bxh2+ 23. Kxh2 Qh4+ 24. Kg1 Rxe4 25. Rxc6 Rae8 26. Rcc1
g6 27. d5 Qh5 28. g3 Qf5 29. Kg2 Rxa4 30. Qxf5 gxf5 31. d6 Rd8 
1/2-1/2

[Event "Eliteserien 2008-2009"]
[Site "Haraldsheim"]
[Date "2008.11.07"]
[Round "5"]
[White "Ekeberg, Carl Fr."]
[Black "Gabrielsen, Stig"]
[Result "0-1"]
[WhiteElo "2335"]
[BlackElo "2344"]
[PlyCount "94"]
[EventDate "2008.??.??"]

1. d4 Nf6 2. c4 e6 3. Nc3 Bb4 4. Qc2 c5 5. dxc5 Bxc5 6. Nf3 a6 7. a3 Qc7 8. Bg5
Be7 9. e4 d6 10. Be2 Nbd7 11. O-O h6 12. Bf4 b6 13. Rad1 Bb7 14. Rfe1 O-O 15.
Bf1 Rfd8 16. Nd2 Ne5 17. h3 Rac8 18. Be3 Bc6 19. f4 Ng6 20. g3 Qb7 21. Bd3 d5
22. exd5 exd5 23. Nb3 dxc4 24. Bxc4 Rxd1 25. Qxd1 Bh1 26. Bf1 Rd8 27. Qe2 b5
28. Nc5 Qa8 29. Nxa6 Bf3 30. Qxb5 h5 31. Bb6 Rd7 32. Nc5 Rd2 33. Bc7 Qc8 34.
Na6 Qxa6 35. Qb8+ Kh7 36. Rxe7 Qc6 37. Re3 Nd7 38. Qb5 Qxc7 39. Rxf3 Qa7+ 40.
Kh1 Nc5 41. b4 Qa8 42. Bg2 Nd3 43. Qxh5+ Kg8 44. Nd5 Kf8 45. Re3 Rxg2 46. Qf3
Rf2 47. Qe4 Qc8 
0-1

[Event "Eliteserien 2008-2009"]
[Site "Haraldsheim"]
[Date "2008.11.07"]
[Round "5"]
[White "Gabrielsen, Trond"]
[Black "Aulin-Jansson, Jøran"]
[Result "1/2-1/2"]
[WhiteElo "2300"]
[BlackElo "2183"]
[PlyCount "76"]
[EventDate "2008.??.??"]

1. e4 c5 2. Nf3 d6 3. d4 cxd4 4. Nxd4 Nf6 5. Nc3 a6 6. Bg5 e6 7. f4 h6 8. Bh4
Qc7 9. Qf3 Nc6 10. O-O-O Bd7 11. Bxf6 gxf6 12. f5 Ne5 13. Qh3 O-O-O 14. Be2 Kb8
15. Rhf1 b5 16. a3 Qa5 17. fxe6 fxe6 18. Rxf6 Rc8 19. Rxe6 Nc4 20. Bxc4 Rxc4
21. Qe3 Bxe6 22. Nxe6 b4 23. Rd5 Rxc3 24. bxc3 Qxa3+ 25. Kd1 Kb7 26. Rf5 Be7
27. Rf7 Re8 28. Ng7 b3 29. Nxe8 bxc2+ 30. Ke2 c1=Q 31. Rxe7+ Kc8 32. Qh3+ Kb8
33. Rb7+ Kxb7 34. Qd7+ Kb6 35. Qc7+ Kb5 36. Nxd6+ Ka4 37. Qc4+ Ka5 38. Qc7+ Ka4
1/2-1/2

[Event "Eliteserien 2008-2009"]
[Site "Haraldsheim"]
[Date "2008.11.07"]
[Round "5"]
[White "Valaker, Ole Johan"]
[Black "Strand, Kjetil"]
[Result "1-0"]
[WhiteElo "2067"]
[BlackElo "1975"]
[PlyCount "66"]
[EventDate "2008.??.??"]

1. d4 d5 2. Nf3 Nf6 3. c4 c6 4. Nc3 dxc4 5. a4 Bf5 6. e3 e6 7. Bxc4 Bb4 8. O-O
Nbd7 9. Qe2 O-O 10. e4 Bg6 11. Bd3 Bh5 12. e5 Nd5 13. Nxd5 cxd5 14. Qe3 Be7 15.
a5 Nb8 16. Bd2 Nc6 17. Ne1 Bg6 18. Bxg6 hxg6 19. Nd3 a6 20. Rfc1 Rc8 21. b4 Rc7
22. Nc5 Qb8 23. f4 Qa7 24. Qd3 Rfc8 25. g4 Nb8 26. Kg2 b6 27. axb6 Qxb6 28. Ra5
Rc6 29. h4 Qd8 30. Rh1 Rb6 31. Ra4 Qe8 32. Rha1 Qb5 33. Qe3 Qe8 
1-0

[Event "Eliteserien 2008-2009"]
[Site "Haraldsheim"]
[Date "2008.11.07"]
[Round "5"]
[White "Lie, Espen"]
[Black "Bern, Ivar"]
[Result "1-0"]
[WhiteElo "2436"]
[BlackElo "2252"]
[PlyCount "159"]
[EventDate "2008.??.??"]

1. c4 e5 2. g3 Nc6 3. Bg2 g6 4. Nc3 Bg7 5. e4 Nge7 6. Nge2 d6 7. d3 O-O 8. O-O
Be6 9. Nd5 f5 10. f3 Qd7 11. Be3 Rae8 12. Qd2 Nc8 13. b3 Nd8 14. Ndc3 c5 15.
Rab1 Nc6 16. Nd5 fxe4 17. fxe4 Rxf1+ 18. Rxf1 Rf8 19. Rxf8+ Kxf8 20. Bg5 Qf7
21. b4 cxb4 22. Nxb4 Nxb4 23. Qxb4 Qc7 24. Be3 Bf6 25. Nc3 Bd8 26. Qb2 Qa5 27.
Qf2+ Ke8 28. Qb2 Bb6 29. Bxb6 Qxb6+ 30. Qxb6 Nxb6 31. Nb5 Kd7 32. Nxa7 Na4 33.
Nb5 Kc6 34. Kf2 Bd7 35. Ke3 Kc5 36. Nc7 Nc3 37. a3 Nb1 38. Nd5 Nxa3 39. Nf6 Ba4
40. Nxh7 Nc2+ 41. Kd2 Nd4 42. h4 Be8 43. Bh3 Kc6 44. Nf6 Bf7 45. Bd7+ Kc7 46.
Be8 Bxe8 47. Nxe8+ Kd7 48. Nf6+ Ke7 49. Nd5+ Kf7 50. Nc3 Nf3+ 51. Ke3 Nh2 52.
Nb5 Ke7 53. Nc7 Ng4+ 54. Kf3 Nh2+ 55. Ke2 Ng4 56. Nd5+ Kd7 57. Ne3 Nf6 58. Kf3
Ke6 59. Nd5 Nh5 60. Kg4 Kf7 61. Nc7 Nf6+ 62. Kg5 Nh7+ 63. Kh6 Nf6 64. Nb5 Ng4+
65. Kg5 Nf2 66. Nxd6+ Kg7 67. Nxb7 Nxd3 68. c5 Nb4 69. Nd8 Na6 70. Ne6+ Kf7 71.
c6 Kxe6 72. Kxg6 Nc5 73. c7 Kd7 74. h5 Kxc7 75. h6 Ne6 76. Kf6 Nf8 77. Kxe5 Kd7
78. Kf6 Ke8 79. g4 Nd7+ 80. Kg7 
1-0

[Event "Eliteserien 2008-2009"]
[Site "Haraldsheim"]
[Date "2008.11.07"]
[Round "5"]
[White "Borchgrevink, Harald B"]
[Black "Østmoe, Geir Sune Tallaksen"]
[Result "1/2-1/2"]
[WhiteElo "2271"]
[BlackElo "2399"]
[PlyCount "63"]
[EventDate "2008.??.??"]

1. d4 Nf6 2. Nf3 e6 3. Bf4 b6 4. e3 Bb7 5. Bd3 Be7 6. h3 c5 7. O-O O-O 8. Nbd2
d6 9. c3 cxd4 10. exd4 Nbd7 11. Qe2 Re8 12. Rfe1 Nf8 13. Bb5 N6d7 14. a4 Ng6
15. Bh2 Bf8 16. Nc4 Qc7 17. a5 Bc6 18. axb6 axb6 19. Na3 Qb7 20. Bxc6 Qxc6 21.
Qb5 Qb7 22. Nc4 d5 23. Nd6 Bxd6 24. Bxd6 Nf6 25. Nd2 Rec8 26. Nb3 Ne8 27. Bg3
Nc7 28. Qd7 Nf8 29. Qe7 Ng6 30. Qd7 Nf8 31. Qe7 Ng6 32. Qd7 
1/2-1/2

[Event "Eliteserien 2008-2009"]
[Site "Haraldsheim"]
[Date "2008.11.07"]
[Round "5"]
[White "Lahlum, Hans O."]
[Black "Hagesæther, Halvard"]
[Result "1/2-1/2"]
[WhiteElo "2141"]
[BlackElo "2238"]
[PlyCount "23"]
[EventDate "2008.??.??"]

1. d4 Nf6 2. c4 Nc6 3. Nf3 d6 4. e3 e5 5. Be2 Nd7 6. Nc3 g6 7. O-O Bg7 8. d5
Ne7 9. e4 O-O 10. Qc2 h6 11. Ne1 f5 12. Nd3 
1/2-1/2

[Event "Eliteserien 2008-2009"]
[Site "Haraldsheim"]
[Date "2008.11.07"]
[Round "5"]
[White "Tjølsen, Katrine"]
[Black "Bentsen, Håkon"]
[Result "1/2-1/2"]
[WhiteElo "2090"]
[BlackElo "2068"]
[PlyCount "119"]
[EventDate "2008.??.??"]

1. d4 d5 2. c4 e6 3. g3 c6 4. Bg2 Nf6 5. Nf3 Bd6 6. O-O O-O 7. Qc2 Nbd7 8. Nbd2
Re8 9. Rd1 Qe7 10. b3 e5 11. cxd5 cxd5 12. dxe5 Nxe5 13. Bb2 Bg4 14. h3 Rac8
15. Qb1 Bh5 16. Qf5 Bg6 17. Qg5 h6 18. Qh4 Rc2 19. Bd4 Ne4 20. Qxe7 Rxe7 21.
Nxe4 dxe4 22. Ne1 Rc6 23. Bxa7 b6 24. Bb8 Bxb8 25. Rd8+ Kh7 26. Rxb8 Rd7 27. f4
exf3 28. Nxf3 Nxf3+ 29. Bxf3 Rcd6 30. a4 Bc2 31. b4 f5 32. Rb7 Rd1+ 33. Rxd1
Rxd1+ 34. Kf2 Bxa4 35. Rxb6 Rd8 36. b5 Bb3 37. Rc6 Bd5 38. Rc5 Bxf3 39. Kxf3
Kg6 40. b6 Rb8 41. Rc6+ Kg5 42. h4+ Kh5 43. Kf4 g6 44. Ke5 Re8+ 45. Re6 Rb8 46.
Kd5 g5 47. Kc6 f4 48. hxg5 fxg3 49. Rxh6+ Kxg5 50. Rh1 Rc8+ 51. Kd7 Rc2 52. Rb1
Rd2+ 53. Kc6 Rxe2 54. b7 Re8 55. b8=Q Rxb8 56. Rxb8 Kf4 57. Kd5 g2 58. Rg8 Kf3
59. Kd4 Kf2 60. Rf8+ 
1/2-1/2

[Event "Eliteserien 2008-2009"]
[Site "Haraldsheim"]
[Date "2008.11.07"]
[Round "5"]
[White "Tallaksen, Levi André"]
[Black "Martinsen, Stig K."]
[Result "0-1"]
[WhiteElo "2036"]
[BlackElo "2093"]
[PlyCount "86"]
[EventDate "2008.??.??"]

1. d4 d6 2. Nf3 g6 3. g3 f5 4. Bg2 Nf6 5. O-O Bg7 6. c4 O-O 7. Nc3 Qe8 8. d5
Na6 9. e4 fxe4 10. Ng5 Bg4 11. Qc2 c6 12. Ngxe4 Nxe4 13. Nxe4 cxd5 14. cxd5 Qd7
15. Re1 Rac8 16. Qb3 Nc5 17. Qe3 Be5 18. Rb1 Bf5 19. f4 Bg7 20. b4 Nxe4 21.
Bxe4 Rc3 22. Qe2 Bd4+ 23. Kh1 Rfc8 24. Bd2 Bg4 25. Qf1 Ra3 26. Rbc1 Rxa2 27.
Qd3 Rxc1 28. Rxc1 Bg7 29. Be3 Kf7 30. Qc4 Ra3 31. Bf2 Bf5 32. Bg2 Bd3 33. Qc8
Qxc8 34. Rxc8 Ra1+ 35. Bg1 Bd4 36. h4 Bxg1 37. Ra8 Bb6+ 38. Kh2 Ra2 39. Kh1 Rb2
40. Rb8 Rxb4 41. Bh3 Bf5 42. Bxf5 gxf5 43. Rxb7 Rd4 
0-1

[Event "Eliteserien 2008-2009"]
[Site "Haraldsheim"]
[Date "2008.11.07"]
[Round "5"]
[White "Elsness, Frode"]
[Black "Hammer, Jon Ludvig"]
[Result "0-1"]
[WhiteElo "2425"]
[BlackElo "2565"]
[PlyCount "82"]
[EventDate "2008.??.??"]

1. d4 d5 2. c4 c6 3. Nf3 Nf6 4. e3 Bg4 5. Qb3 Qb6 6. Nc3 e6 7. h3 Bf5 8. c5 Qc7
9. g4 Bg6 10. Ne5 b6 11. cxb6 axb6 12. Bd2 Be7 13. Nxg6 hxg6 14. Bg2 c5 15. g5
c4 16. Qd1 Nh5 17. e4 dxe4 18. Bxe4 Nc6 19. Be3 O-O 20. Qf3 Rac8 21. O-O Bb4
22. Rac1 Ne7 23. a3 Ba5 24. Rc2 Qd7 25. Rd1 f5 26. gxf6 Nxf6 27. Qg2 Nf5 28.
Qxg6 Bxc3 29. Bxf5 exf5 30. bxc3 Nd5 31. Bg5 f4 32. Re1 Qxh3 33. Qe6+ Qxe6 34.
Rxe6 Rf5 35. Re5 Rxe5 36. dxe5 Kf7 37. f3 Ra8 38. Bh4 Rxa3 39. Bf2 Rxc3 40.
Rxc3 Nxc3 41. Bxb6 Na2 
0-1

[Event "Eliteserien 2008-2009"]
[Site "Haraldsheim"]
[Date "2008.11.07"]
[Round "5"]
[White "Grønn, Atle"]
[Black "Miezis, Normunds"]
[Result "0-1"]
[WhiteElo "2423"]
[BlackElo "2500"]
[PlyCount "86"]
[EventDate "2008.??.??"]

1. Nf3 c5 2. c4 Nf6 3. g3 Nc6 4. Bg2 e5 5. Nc3 d6 6. d3 Be7 7. Bg5 O-O 8. Nd2
Kh8 9. Nf1 Ng4 10. Bxe7 Qxe7 11. h3 Nh6 12. Ne3 f5 13. Ned5 Qf7 14. f4 Qg6 15.
Kf2 Ng8 16. a3 Nf6 17. Nxf6 gxf6 18. e3 Rg8 19. Qf3 Bd7 20. Ne2 Rae8 21. Kf1 e4
22. dxe4 fxe4 23. Qf2 Na5 24. Rc1 Qf7 25. g4 Nxc4 26. Ng3 f5 27. b3 Nb6 28. Nh5
Qxb3 29. Nf6 Nd5 30. Nxd7 Qb5+ 31. Kg1 Qxd7 32. Rd1 Nb6 33. g5 d5 34. h4 Rd8
35. h5 d4 36. Bf1 d3 37. h6 Rg6 38. Qb2+ Kg8 39. Rh2 c4 40. Qc1 Rc8 41. Qc3 Na4
42. Qe5 Rc5 43. Qb8+ Qc8 
0-1